00720nam a2200229 a 450000100100000000500170001000800410002702000150006804000250008308200180010810000230012624500540014926000750020330000320027849000260031050400410033665000110037765000260038865000300041465000200044483000260046400002409420251126110947.0110118s1998 ve r 000 0 spa d a9800109943 aDO-SdBNPbspacBNPHU a179.76bA663a1 aAray, Juliod1935-10aAborto :bestudio psicoanalítico /cJulio Aray. aCaracas, (Venezuela) :bMonte Ávila Editores Latinoamericana,c1998. axxxi, 395, [6] p. ;c20 cm.1 aEstudioapsicología aIncluye referencias bibliográficas 0aAborto 0aNegligencia criminal  4aAbortoxAspectos sociales 4aPsicoanálisis 0aEstudioppsicología